| 000 | 00537nam a2200205 a 4500 | ||
|---|---|---|---|
| 001 | BRCA_6184 | ||
| 005 | 20190320205349.0 | ||
| 008 | 110711s1906----nyu#######---#000-0#eng-# | ||
| 041 | _aeng | ||
| 044 | _anyu | ||
| 050 | 4 |
_aPZ3 _b.L634 M6 _c1906 |
|
| 100 | 1 |
_aLocke, William J. _d1863-1930. _915568 |
|
| 245 | 1 | 0 |
_aThe morals of Marcus Ordeyne _cWilliam J. Locke. |
| 260 |
_aNueva York _bGrosset & Dunlap _c1906 |
||
| 300 |
_a303 p. _c19 cm. |
||
| 500 | _aK65 | ||
| 650 | 1 | 4 |
_aLiteratura inglesa _915569 |
| 902 | _aGFM | ||
| 942 |
_2lcc _cB |
||
| 999 |
_c5871 _d5871 |
||